00614 2200205 4500001002100000005001700021008004100038020002600079035002400105082001000129090002000139100001700159245008200176250001100258260003000269300002100299500004500320650002200365990002100387YOGYA-0213000000062420130215104535.0 ind  aISBN 978-979-292924-9 0010-021300000000624 a248.4 aDEP 248.4 Nor M aNORI SR, DON aMenghancurkan Benteng-Benteng Iblis /cDon Nori SR; penerjemah Arvin Saputra. aCet.1. aYogyakarta:bAndi,c2012. a202 hlm.;c23 cm aJudul Asli: Breaking Demonic Stronghold. aHidup Kekristenan aCB-D.112012-1223